000 00743nam a22002417a 4500
001 BD-DhSAU 5260
003 BD-DhSAU
005 20150412162417.0
008 150412b1985 - a|||| |||| 001 0 eng d
020 _a0865313563
040 _aBD-DhSAU
082 _222
_a633.682
_bCOC
100 _aCock, James H.
245 _aCassava :
_bnew potential for a neglected crop /
_cJames H. Cock.
260 _aLondon :
_bWestview Press,
_c1985
300 _axvi, 192 p. : ill. ;
_bTables,
_c23 cm.
440 _aLADS development- oriented literature series
504 _aIncludes bibliographical references and index.
590 _aShahriar
650 _aCassava -- Tropics.
650 _aAgronomy.
700 _aSeries editor : Hreth, Steven A.
942 _2ddc
_cBOOK
999 _c5260
_d5260